Evidence-based Management of the Acute Coronary Syndromes (Record no. 159585)

MARC details
000 -LEADER
fixed length control field 00433nam a2200145Ia 4500
008 - FIXED-LENGTH DATA ELEMENTS--GENERAL INFORMATION
fixed length control field 230519s9999 xx 000 0 und d
020 ## - INTERNATIONAL STANDARD BOOK NUMBER
International Standard Book Number 1-56053-458-3
041 ## - LANGUAGE CODE
Language code of text/sound track or separate title eng
082 ## - DEWEY DECIMAL CLASSIFICATION NUMBER
Classification number MS/616.1/PIF/DB1001
100 ## - MAIN ENTRY--PERSONAL NAME
Personal name Pifarre Roque & Scanlon Patrick
9 (RLIN) 180593
245 ## - TITLE STATEMENT
Title Evidence-based Management of the Acute Coronary Syndromes
260 ## - PUBLICATION, DISTRIBUTION, ETC. (IMPRINT)
Name of publisher, distributor, etc. Hanley and Belfus
Place of publication, distribution, etc. Phailadelphia
Date of publication, distribution, etc. 2000
300 ## - PHYSICAL DESCRIPTION
Extent 477p
Holdings
Withdrawn status Lost status Damaged status Not for loan Collection code Home library Current library Date acquired Cost, normal purchase price Bill number Total Checkouts Full call number Barcode Date last seen Bill Date Koha item type Original Barcode
        MS Smt. Bakul Tambat Institute of Nursing Education Smt. Bakul Tambat Institute of Nursing Education 10/05/2022 1000.00 56   MS 616.1 PIF DB1001 BTIN-DB-1001 19/05/2023 10/05/2022 Donated Book DB1001